000 00312pam a2200133 a 4500
020 _c
041 _h
082 _a519.5
_bCHI
100 _aCHITALE, RANJEET.
245 _aSTATISTICAL AND QUANTITATIVE METHODS
_hTextual Documents
260 _aPUNE
_bNIRALI PRAKAHAN
_c2004
300 _a15.38
930 _a13479
999 _c132905
_d132905